| 000 | 00753nam a22002537a 4500 | ||
|---|---|---|---|
| 001 | 8927 | ||
| 003 | FISKH | ||
| 005 | 20251110102945.0 | ||
| 008 | 251110b cb ||||| |||| 00| 0 eng d | ||
| 020 | _a033500615245 | ||
| 040 |
_aFISKH _beng _cFISKH _dFISKH |
||
| 082 | _a813.54 | ||
| 100 | _aDiFiori, Larry | ||
| 245 |
_aIf I had a little airplane / _cby Larry DiFiori |
||
| 260 |
_aNew York ; _bMerrigold, _c1985. |
||
| 300 |
_a12 unnumbered pages : _bcolor illustrations ; _c16 cm |
||
| 505 | _aE | ||
| 520 | _aA child imagines having an airplane and flying around the world and doing stunts. | ||
| 521 | 8 |
_a160
_bLexile estimate |
|
| 521 | 8 |
_aE
_bRaz-Plus |
|
| 650 |
_aAirplanes _vBoard book |
||
| 942 |
_2ddc _cBK _n0 |
||
| 999 |
_c8927 _d8927 |
||